[Event "Challenge"]
[Site "http://www.queenalice.com/game.php?id=656613"]
[Date "2009.9.23"]
[Round "-"]
[White "uschmidi"]
[Black "khran"]
[Result "1-0"]
[WhiteElo "1939"]
[BlackElo "1870"]

1. d4 d5 2. Nf3 Nf6 3. Bg5 Ne4 4. Nbd2 Nxg5 5. Nxg5 e6 6. Ngf3 c5 7. e3 cxd4 8.
exd4 Nc6 9. Bb5 a6 10. Bxc6+ bxc6 11. Ne5 c5 12. Ndf3 cxd4 13. Qxd4 Bb7 14. Qa4+
Ke7 15. Nd4 1-0

[Event "Challenge"]
[Site "http://www.queenalice.com/game.php?id=683244"]
[Date "2009.11.14"]
[Round "-"]
[White "khran"]
[Black "ruylopesdesegura"]
[Result "1-0"]
[WhiteElo "1942"]
[BlackElo "1775"]

1. d4 Nf6 2. Nf3 d6 3. g3 g6 4. Bg2 Bg7 5. O-O Bg4 6. c4 e6 7. Nc3 O-O 8. Qb3
Qc8 9. h3 Bf5 10. Re1 e5 11. dxe5 dxe5 12. Kh2 Nc6 13. Qb5 a6 14. Qc5 Nd7 15.
Qe3 f6 16. Nd5 Rf7 17. Bd2 Be6 18. Rac1 Bxd5 19. cxd5 Ne7 20. Qb3 c6 21. dxc6
bxc6 22. Bb4 Qe8 23. Bxe7 Qxe7 24. Rxc6 Rb8 25. Qc3 f5 26. Rc8+ Rxc8 27. Qxc8+
Rf8 28. Qxa6 e4 29. Qc4+ Kh8 30. Nd4 f4 31. Nc6 fxg3+ 32. fxg3 Ne5 33. Qxe4 Qg5
34. Rf1 Rxf1 35. Bxf1 Qf5 36. Bg2 Qe6 37. Nxe5 Bxe5 38. Qa8+ Kg7 39. Qb7+ Kh6
40. Bf3 g5 41. b3 Bb2 42. Qc6 Qxc6 43. Bxc6 Ba3 44. e4 1-0

[Event "Challenge"]
[Site "http://www.queenalice.com/game.php?id=683245"]
[Date "2009.11.14"]
[Round "-"]
[White "khran"]
[Black "vinsri"]
[Result "1-0"]
[WhiteElo "1903"]
[BlackElo "1658"]

1. d4 d5 2. Nf3 e6 3. g3 Nf6 4. Bg2 Ng4 5. O-O f5 6. c4 e5 7. cxd5 e4 8. Ne5 f4
9. Bxf4 Qxd5 10. Nc3 Qe6 11. Bxe4 Bd6 12. d5 Qe7 13. Qa4+ c6 14. dxc6 Bxe5 15.
cxb7+ Bd7 16. Qxd7+ Nxd7 17. bxa8=Q+ Qd8 18. Qxd8+ Kxd8 19. Bxe5 Ngxe5 20. Rad1
Nc4 21. Bf5 Nb6 22. e4 g6 23. Bh3 h5 24. b3 Ke7 25. Nd5+ Nxd5 26. Rxd5 Nb6 27.
Ra5 Ra8 28. Rc1 Kf6 29. e5+ Kg5 30. Rc6 Re8 31. e6+ Kh6 32. Rxa7 Nc8 33. Rf7 Kg5
34. f4+ Kh6 35. Rcc7 Rh8 36. e7 Nd6 37. Rf8 Kg7 38. e8=Q+ Kh6 39. Rxh8# 1-0

[Event "Challenge"]
[Site "http://www.queenalice.com/game.php?id=694774"]
[Date "2009.12.8"]
[Round "-"]
[White "khran"]
[Black "extermination"]
[Result "1-0"]
[WhiteElo "1878"]
[BlackElo "1830"]

1. d4 d5 2. Nf3 Nc6 3. g3 Nf6 4. Bg2 Bf5 5. O-O e6 6. c4 h5 7. Nc3 dxc4 8. Qa4
Bd6 9. Ne5 Bxe5 10. Bxc6+ bxc6 11. dxe5 Nd7 12. e4 Bh3 13. Rd1 h4 14. Qxc6 hxg3
15. fxg3 Rh5 16. Bf4 g5 17. Be3 Rb8 18. Rd2 g4 19. Rad1 1-0

[Event "Challenge"]
[Site "http://www.queenalice.com/game.php?id=726816"]
[Date "2010.2.6"]
[Round "-"]
[White "joserie"]
[Black "khran"]
[Result "1-0"]
[WhiteElo "2375"]
[BlackElo "1892"]

1. e4 c5 2. Nf3 d6 3. d4 cxd4 4. Nxd4 Nf6 5. Nc3 a6 6. Bc4 e6 7. Bb3 Be7 8. O-O
O-O 9. Be3 Qc7 10. a4 Bd7 11. a5 Nc6 12. Nxc6 Bxc6 13. f3 Rfd8 14. Bb6 Qxb6+ 15.
axb6 1-0

[Event "Challenge"]
[Site "http://www.queenalice.com/game.php?id=756304"]
[Date "2010.4.4"]
[Round "-"]
[White "Chalezuba"]
[Black "khran"]
[Result "1-0"]
[WhiteElo "1934"]
[BlackElo "1923"]

1. e4 c5 2. Nf3 d6 3. d4 cxd4 4. Nxd4 Nf6 5. Nc3 a6 6. Be3 e6 7. f3 Be7 8. Qd2
Qc7 9. Bd3 b5 10. O-O O-O 11. a3 Bd7 12. h3 Nc6 13. Rad1 Nxd4 14. Bxd4 Rac8 15.
Qf2 d5 16. e5 Ne8 17. f4 g6 18. f5 gxf5 19. Bxf5 Ng7 20. Bd3 Bc5 21. Kh1 Be7 22.
Qe3 Nf5 23. Bxf5 exf5 24. Nxd5 Qd8 25. Nxe7+ Qxe7 26. Qg3+ Kh8 27. e6+ f6 28.
exd7 Rxc2 29. Rfe1 Qd8 30. Re6 Rf7 31. Re8+ 1-0

[Event "Challenge"]
[Site "http://www.queenalice.com/game.php?id=756305"]
[Date "2010.4.4"]
[Round "-"]
[White "Mix"]
[Black "khran"]
[Result "1-0"]
[WhiteElo "2064"]
[BlackElo "1909"]

1. d4 d5 2. c4 dxc4 3. Nf3 Nf6 4. e3 c5 5. Bxc4 e6 6. O-O cxd4 7. exd4 a6 8. a4
Bd6 9. Bg5 Nbd7 10. Nc3 Qc7 11. Qe2 Nb6 12. Bxf6 Nxc4 13. Bxg7 Rg8 14. Be5 Nxe5
15. dxe5 Bc5 16. Ne4 Bb4 17. Nf6+ 1-0

[Event "Challenge"]
[Site "http://www.queenalice.com/game.php?id=756311"]
[Date "2010.4.4"]
[Round "-"]
[White "khran"]
[Black "GuiGui1993"]
[Result "1-0"]
[WhiteElo "1946"]
[BlackElo "1816"]

1. d4 d5 2. Nf3 Bf5 3. Nh4 Bd7 4. g3 Nc6 5. Bg2 e6 6. O-O Be7 7. Nf3 Nf6 8. Ne5
O-O 9. Nxd7 Nxd7 10. e4 dxe4 11. Bxe4 Nb4 12. a3 Nd5 13. c4 N5b6 14. b3 c6 15.
Nc3 Nf6 16. Bg2 h6 17. h3 Nh7 18. Bf4 Nc8 19. d5 exd5 20. cxd5 Bf6 21. Rc1 Bxc3
22. Rxc3 cxd5 23. Qxd5 Qxd5 24. Bxd5 Nb6 25. Bxb7 Rad8 26. Kg2 1-0

[Event "Challenge"]
[Site "http://www.queenalice.com/game.php?id=766970"]
[Date "2010.4.27"]
[Round "-"]
[White "khran"]
[Black "Sabaak_No_Gaara"]
[Result "0-1"]
[WhiteElo "1957"]
[BlackElo "1990"]

1. d4 f5 2. Nc3 Nf6 3. Bg5 h6 4. Bxf6 exf6 5. e3 b6 6. Bd3 Qe7 7. Bxf5 Qf7 8.
Qf3 Nc6 9. O-O-O Bd6 10. Nb5 Bb7 11. d5 Ne5 12. Nxd6+ cxd6 13. Qe4 O-O-O 14. f4
g6 15. Bh3 f5 16. Qa4 Kb8 17. fxe5 dxe5 18. c4 Rc8 19. Nf3 Rxc4+ 20. Qxc4 Rc8
21. Qxc8+ Kxc8 22. Nxe5 Qe8 23. Nc4 Qe7 24. Rd4 b5 25. Na5 Qxe3+ 26. Rd2 Bxd5
27. Rd1 Bxa2 28. Kc2 Qc5+ 29. Kd3 Qe5 30. Kc2 Qe4+ 31. Kc3 b4# 0-1

[Event "Challenge"]
[Site "http://www.queenalice.com/game.php?id=799598"]
[Date "2010.7.6"]
[Round "-"]
[White "khran"]
[Black "bbbrian"]
[Result "0-1"]
[WhiteElo "1945"]
[BlackElo "2164"]

1. e4 e5 2. Nf3 Nc6 3. Bb5 Nge7 4. d4 exd4 5. Nxd4 g6 6. O-O Bg7 7. Nxc6 Nxc6 8.
c3 O-O 9. Bf4 d6 10. Qf3 Ne5 11. Qe3 Be6 12. Nd2 a6 13. Ba4 Qe7 14. h3 Rfd8 15.
Rad1 Nc4 16. Nxc4 Bxc4 17. Rfe1 b5 18. Bb3 Bxb3 19. axb3 Qe6 20. b4 Re8 21. Qd3
Rad8 22. Qd5 Qxd5 23. Rxd5 f5 24. f3 Re6 25. Kf2 Rde8 26. Ra1 fxe4 27. fxe4 Rxe4
28. Kg3 Rf8 29. Bd2 Be5+ 0-1

[Event "Challenge"]
[Site "http://www.queenalice.com/game.php?id=799601"]
[Date "2010.7.6"]
[Round "-"]
[White "cuatroceros"]
[Black "khran"]
[Result "0-1"]
[WhiteElo "1865"]
[BlackElo "1960"]

1. e4 c5 2. Nf3 d6 3. Nc3 Nc6 4. Bb5 Bd7 5. O-O a6 6. Ba4 b5 7. Nxb5 axb5 8.
Bxb5 Nf6 9. b3 Nxe4 10. Re1 Nf6 11. d3 e6 12. Bg5 Be7 13. d4 cxd4 14. Bxc6 Bxc6
15. Nxd4 Bd7 16. a4 d5 17. Qe2 O-O 18. f4 h6 19. Bh4 Bc5 20. c3 Bc8 21. b4 Bd6
22. Nc6 Qb6+ 23. Nd4 Ne4 24. Qe3 Qc7 25. Nb5 Qb8 26. Nxd6 Qxd6 27. a5 Ba6 28.
Reb1 Bb5 29. f5 exf5 30. Rc1 Rfc8 31. Qf3 Qe5 32. Bg3 Qf6 33. Be1 g5 34. Ra2 Rc4
35. Qe3 Rc6 36. Rca1 Nxc3 37. Bxc3 Qxc3 38. Qxc3 Rxc3 39. a6 Rb3 40. a7 Rxb4 41.
Rc2 Bc4 42. Kf2 Rb7 43. Ke3 Raxa7 44. Rxa7 Rxa7 45. Kd4 f4 46. Rb2 f6 47. Rb6
Kf7 48. Rb8 Ra2 49. Rb7+ Ke6 50. Rb6+ Kf5 0-1

[Event "Challenge"]
[Site "http://www.queenalice.com/game.php?id=799602"]
[Date "2010.7.6"]
[Round "-"]
[White "khran"]
[Black "McNinja"]
[Result "0-1"]
[WhiteElo "1931"]
[BlackElo "1853"]

1. d4 d5 2. Nf3 Nc6 3. g3 Bg4 4. Bg2 Bxf3 5. Bxf3 e6 6. O-O Qf6 7. c3 e5 8. Bxd5
exd4 9. Bf4 Bd6 10. Bxd6 cxd6 11. cxd4 Nge7 12. Bg2 O-O 13. e3 Rac8 14. Nc3 b6
15. Nd5 Nxd5 16. Bxd5 Nb4 17. Bg2 a5 18. a3 Nc6 19. Qb3 Rb8 20. Rac1 Ne7 21. Rc7
Rfe8 22. Rfc1 h6 23. Bb7 d5 24. Bxd5 Nxd5 25. Qxd5 Re7 26. Rc8+ Rxc8 27. Rxc8+
Kh7 28. e4 Qg6 29. f3 Re6 30. Qd8 Qf6 31. Qxf6 Rxf6 32. Kf2 Rd6 33. Ke3 Kg6 34.
Rc7 Re6 35. d5 Re8 36. d6 f5 37. d7 Rd8 38. e5 Kf7 39. Rb7 Ke6 40. f4 Rxd7 41.
Rxb6+ Kd5 42. b3 Ra7 43. e6 Rc7 44. Rb5+ Kxe6 45. Kd4 Kd6 46. Rxf5 Rb7 47. Rxa5
Rxb3 0-1

[Event "Challenge"]
[Site "http://www.queenalice.com/game.php?id=799603"]
[Date "2010.7.6"]
[Round "-"]
[White "TheAvenger"]
[Black "khran"]
[Result "0-1"]
[WhiteElo "1872"]
[BlackElo "1947"]

1. e4 c5 2. Nf3 d6 3. d4 cxd4 4. Qxd4 Nc6 5. Bb5 Bd7 6. Bxc6 Bxc6 7. Nc3 e6 8.
Bd2 Nf6 9. O-O-O Be7 10. Rhe1 O-O 11. Bg5 Ne8 12. Bxe7 Qxe7 13. h4 a5 14. h5 Qf6
15. Qxf6 gxf6 16. h6 Kh8 17. g3 Rg8 18. a4 Rg4 19. Nh2 Rg6 0-1

[Event "Challenge"]
[Site "http://www.queenalice.com/game.php?id=799604"]
[Date "2010.7.6"]
[Round "-"]
[White "khran"]
[Black "roberval"]
[Result "0-1"]
[WhiteElo "1951"]
[BlackElo "2251"]

1. e4 e6 2. Nf3 c5 3. d4 Qc7 4. c4 cxd4 5. Nxd4 a6 6. Nc3 b6 7. g3 Bb7 8. Qb3
Nf6 9. Bg2 d6 10. O-O Nbd7 11. Re1 Rc8 12. Na4 Qxc4 13. Qd1 e5 14. b3 Qxd4 0-1

[Event "Challenge"]
[Site "http://www.queenalice.com/game.php?id=816408"]
[Date "2010.8.11"]
[Round "-"]
[White "ORNELAS"]
[Black "khran"]
[Result "1-0"]
[WhiteElo "1689"]
[BlackElo "1972"]

1. b3 d5 2. Nf3 c5 3. Bb2 Nf6 4. d3 Nc6 5. Ba3 e6 6. Nbd2 Bd6 7. Nh4 O-O 8. c4
Ng4 9. Ndf3 Qf6 10. g3 Qc3+ 11. Nd2 Qd4 12. e3 Qf6 13. Ndf3 b6 14. Bg2 Bd7 15.
O-O Rad8 16. cxd5 exd5 17. Rb1 Rfe8 18. Bb2 d4 19. Bc1 g5 20. e4 gxh4 21. Nxh4
Nce5 22. f4 Ng6 23. Nxg6 Qxg6 24. Bd2 Ne3 25. Bxe3 dxe3 26. Qe2 Bf8 27. Qxe3 Bh6
28. b4 Bb5 29. Rbd1 Rd4 30. bxc5 bxc5 31. Rf2 Red8 32. Rb2 1-0

[Event "Challenge"]
[Site "http://www.queenalice.com/game.php?id=821809"]
[Date "2010.8.22"]
[Round "-"]
[White "thekleber"]
[Black "khran"]
[Result "1-0"]
[WhiteElo "1987"]
[BlackElo "1945"]

1. Nf3 d5 2. b3 Nf6 3. Bb2 e6 4. e3 Be7 5. Be2 O-O 6. O-O c5 7. d4 cxd4 8. Nxd4
a6 9. c4 e5 10. Nf3 e4 11. Nd4 Nc6 12. h3 dxc4 13. Bxc4 Qc7 14. Qc2 b5 15. Nxc6
bxc4 16. Nxe7+ Qxe7 17. Ba3 cxb3 18. axb3 Qe5 19. Nd2 Re8 20. Rfd1 Bb7 21. Nc4
Qc7 22. Rac1 Rac8 23. Qb1 Bc6 24. Nd6 Qa5 25. Qa1 h6 26. Nxe8 Nxe8 27. Rc5 Qb6
28. Qc3 Qb7 29. Rc1 1-0